Нефтепродукты в воде и донных отложениях бассейна реки Васюган; Известия Томского политехнического университета [Известия ТПУ]; Т. 308, № 4
| Parent link: | Известия Томского политехнического университета [Известия ТПУ]/ Томский политехнический университет (ТПУ).— , 2000- Т. 308, № 4.— 2005.— [С. 48-50] |
|---|---|
| Autor Principal: | |
| Outros autores: | |
| Summary: | Заглавие с титульного листа Электронная версия печатной публикации Рассмотрена пространственная динамика распределения нефтепродуктов в воде и донных отложениях бассейна р. Васюган (бассейн средней Оби). Показано увеличение содержания нефтепродуктов в донных отложениях водотоков, протекающих по территории нефтяных месторождений в зависимости от срока их эксплуатации. |
| Idioma: | ruso |
| Publicado: |
2005
|
| Series: | Естественные науки |
| Subjects: | |
| Acceso en liña: | http://www.lib.tpu.ru/fulltext/v/Bulletin_TPU/2005/v308/i4/09.pdf |
| Formato: | MixedMaterials Electrónico Capítulo de libro |
| KOHA link: | https://koha.lib.tpu.ru/cgi-bin/koha/opac-detail.pl?biblionumber=170568 |
MARC
| LEADER | 00000nla2a2200000 4500 | ||
|---|---|---|---|
| 001 | 170568 | ||
| 005 | 20231031163727.0 | ||
| 035 | |a (RuTPU)RU\TPU\book\184973 | ||
| 035 | |a RU\TPU\book\184972 | ||
| 090 | |a 170568 | ||
| 100 | |a 20091124d2005 k y0rusy50 ca | ||
| 101 | 0 | |a rus | |
| 102 | |a RU | ||
| 135 | |a drnn ---uucaa | ||
| 181 | 0 | |a i | |
| 182 | 0 | |a b | |
| 200 | 1 | |a Нефтепродукты в воде и донных отложениях бассейна реки Васюган |b Электронный ресурс |f Д. С. Воробьев, В. К. Попков | |
| 203 | |a Текст |c электронный | ||
| 215 | |a 1 файл (308 Кб) | ||
| 225 | 1 | |a Естественные науки | |
| 230 | |a Электронные текстовые данные (1 файл : 308 Кб) | ||
| 300 | |a Заглавие с титульного листа | ||
| 300 | |a Электронная версия печатной публикации | ||
| 320 | |a [Библиогр.: с. 49-50 (25 назв.)] | ||
| 330 | |a Рассмотрена пространственная динамика распределения нефтепродуктов в воде и донных отложениях бассейна р. Васюган (бассейн средней Оби). Показано увеличение содержания нефтепродуктов в донных отложениях водотоков, протекающих по территории нефтяных месторождений в зависимости от срока их эксплуатации. | ||
| 337 | |a Adobe Reader | ||
| 461 | 1 | |0 (RuTPU)RU\TPU\book\176237 |t Известия Томского политехнического университета [Известия ТПУ] |f Томский политехнический университет (ТПУ) |d 2000- | |
| 463 | 1 | |0 (RuTPU)RU\TPU\book\184960 |t Т. 308, № 4 |v [С. 48-50] |d 2005 |p 254 с. | |
| 610 | 1 | |a нефтепродукты | |
| 610 | 1 | |a вода | |
| 610 | 1 | |a донные отложения | |
| 610 | 1 | |a Васюган | |
| 610 | 1 | |a пространственная динамика | |
| 610 | 1 | |a Средняя Обь | |
| 610 | 1 | |a водотоки | |
| 610 | 1 | |a нефтяные месторождения | |
| 610 | 1 | |a эксплуатация | |
| 610 | 1 | |a электронный ресурс | |
| 700 | 1 | |a Воробьев |b Д. С. | |
| 701 | 1 | |a Попков |b В. К. | |
| 801 | 1 | |a RU |b 63413507 |c 20090623 |g PSBO | |
| 801 | 2 | |a RU |b 63413507 |c 20211012 |g PSBO | |
| 856 | 4 | |u http://www.lib.tpu.ru/fulltext/v/Bulletin_TPU/2005/v308/i4/09.pdf | |
| 942 | |c CF | ||